Collecting, processing and presenting geoscientific information : (Record no. 51294)
[ view plain ]
| 000 -LEADER | |
|---|---|
| fixed length control field | 00654nam a2200217Ia 4500 |
| 005 - DATE AND TIME OF LATEST TRANSACTION | |
| control field | 20260429111905.0 |
| 008 - FIXED-LENGTH DATA ELEMENTS--GENERAL INFORMATION | |
| fixed length control field | 260429s9999||||xx |||||||||||||| ||und|| |
| 020 ## - INTERNATIONAL STANDARD BOOK NUMBER | |
| International Standard Book Number | 9783662562024 |
| 041 ## - LANGUAGE CODE | |
| Language | English |
| 082 ## - DEWEY DECIMAL CLASSIFICATION NUMBER | |
| Classification number | 551.0285 |
| Item number | TRA |
| 100 ## - MAIN ENTRY--PERSONAL NAME | |
| Personal name | Trauth, Martin H. |
| 245 #0 - TITLE STATEMENT | |
| Title | Collecting, processing and presenting geoscientific information : |
| Remainder of title | MATLAB and design recipes for earth sciences / |
| Statement of responsibility, etc | Martin H. Trauth |
| 250 ## - EDITION STATEMENT | |
| Edition statement | 2nd ed. |
| 260 ## - PUBLICATION, DISTRIBUTION, ETC. (IMPRINT) | |
| Place of publication, distribution, etc | Germany : |
| Name of publisher, distributor, etc | Springer, |
| Date of publication, distribution, etc | 2018. |
| 300 ## - PHYSICAL DESCRIPTION | |
| Extent | xiii, 274 p.; hb |
| 650 ## - SUBJECT ADDED ENTRY--TOPICAL TERM | |
| Topical term or geographic name as entry element | Geoscientific information |
| 650 ## - SUBJECT ADDED ENTRY--TOPICAL TERM | |
| Topical term or geographic name as entry element | MATLAB |
| 650 ## - SUBJECT ADDED ENTRY--TOPICAL TERM | |
| Topical term or geographic name as entry element | Geology |
| 700 ## - ADDED ENTRY--PERSONAL NAME | |
| Personal name | Sillmann, Elisabeth |
| 942 ## - ADDED ENTRY ELEMENTS (KOHA) | |
| Koha item type | Text Books |
| Withdrawn status | Lost status | Damaged status | Not for loan | Collection code | Home library | Location | Shelving location | Date of Cataloging | Source of acquisition | Total Checkouts | Full call number | Barcode | Date last seen | Price effective from | Koha item type |
|---|---|---|---|---|---|---|---|---|---|---|---|---|---|---|---|
| Non-fiction | CUTN Central Library | CUTN Central Library | Sciences | 29/04/2026 | Shanti Books, Chennai - Invoice No. 3099 on 09-02-2026 | 551.0285 TRA | 56235 | 29/04/2026 | 29/04/2026 | Text Books |
